Tumbo viejo de San Pedro de Montes / (Registro nro. 186959)

Detalles MARC
000 -LEADER
campo de control de longitud fija 01178nam a2200289 i 4500
001 - NÚMERO DE CONTROL
campo de control 186959
003 - IDENTIFICADOR DE NÚMERO DE CONTROL
campo de control SpMaBN
005 - FECHA Y HORA DE LA ÚLTIMA TRANSACCIÓN
campo de control 20230906222801.0
008 - DATOS DE LONGITUD FIJA--INFORMACIÓN GENERAL
campo de control de longitud fija 170309s1971 sp |||| | spa d
080 ## - NÚMERO DE LA CLASIFICACIÓN DECIMAL UNIVERSAL
Número de la Clasificación Decimal Universal 946.211"10/12"(093.2)
080 ## - NÚMERO DE LA CLASIFICACIÓN DECIMAL UNIVERSAL
Número de la Clasificación Decimal Universal 726.75(460.181 Ponf.)S. Pedro Montes(093.2)
100 1# - ENTRADA PRINCIPAL--NOMBRE DE PERSONA
Nombre de persona Quintana Prieto, Augusto.
9 (RLIN) 94694
245 10 - MENCIÓN DEL TÍTULO
Título Tumbo viejo de San Pedro de Montes /
Mención de responsabilidad, etc. Augusto Quintana Prieto.
260 ## - PUBLICACIÓN, DISTRIBUCIÓN, ETC.
Lugar de publicación, distribución, etc. León :
Nombre del editor, distribuidor, etc. Centro de Estudios e Investigación "San Isidoro" :
-- Archivo Histórico Diocesano,
Fecha de publicación, distribución, etc. 1971.
300 ## - DESCRIPCIÓN FÍSICA
Extensión 657 p. ;
Dimensiones 24 cm.
490 1# - MENCIÓN DE SERIE
Mención de serie Fuentes y estudios de historia leonesa ;
Designación de volumen o secuencia 5
500 ## - NOTA GENERAL
Nota general Índices.
596 ## - NOTA AL PIE DE IMPRENTA
NOTA AL PIE DE IMPRENTA En contracub.: Patronato "José María Quadrado"
598 ## - NOTA LOCAL
Nota local Col. patrocinada y dir. por Archivo Histórico Diocesano de León.
610 27 - PUNTO DE ACCESO ADICIONAL DE MATERIA--NOMBRE DE ENTIDAD CORPORATIVA
Nombre de entidad corporativa o nombre de jurisdicción como elemento de entrada Monasterio de San Pedro de Montes-
Subdivisión de forma Historia.
9 (RLIN) 162017
651 #7 - PUNTO DE ACCESO ADICIONAL DE MATERIA--NOMBRE GEOGRÁFICO
Nombre geográfico León-
Subdivisión general Historia-
Subdivisión cronológica S.V-XV.
9 (RLIN) 162018
710 2# - ENTRADA AGREGADA--NOMBRE DE ENTIDAD CORPORATIVA
Nombre de entidad corporativa o nombre de jurisdicción como elemento de entrada Centro de Estudios e Investigación "San Isidoro"
9 (RLIN) 134242
710 2# - ENTRADA AGREGADA--NOMBRE DE ENTIDAD CORPORATIVA
Nombre de entidad corporativa o nombre de jurisdicción como elemento de entrada Archivo Histórico Diocesano de León.
9 (RLIN) 144237
830 0# - PUNTO DE ACCESO ADICIONAL DE SERIE-TÍTULO UNIFORME
Título uniforme Fuentes y estudios de historia leonesa ;
Designación de volumen o secuencia 5
9 (RLIN) 192719
852 ## - LOCALIZACIÓN
Ubicación ES-MaACL
Número de control de estantería L-31201
Existencias
Estatus retirado Estado de pérdida Estado de daño No para préstamo Biblioteca de origen Biblioteca actual Ubicación en estantería Fecha de adquisición Fuente de adquisición Total de préstamos Signatura topográfica completa Código de barras Visto por última vez Precio de reemplazo Tipo de ítem Koha
        Biblioteca del Ateneo de Madrid Biblioteca del Ateneo de Madrid Depósito 2 09/03/2017     L-31201 1197217 23/02/2023 23/02/2023 Libro impreso